000
00255nam a2200109Ia 4500
008
190912s9999||||xx |||||||||||||| ||und||
100
_a
Hodgson Burnett
245
2
_a
A little Princess
260
_a
London
_b
McGraw-Hill
_c
1996
300
_a
256
942
_c
BK
999
_c
7804
_d
7804